ਰੂਹਾਨੀ ਰਹਿਤ (Record no. 1227606)

MARC details
000 -LEADER
fixed length control field 00703nam a2200205Ia 4500
005 - DATE AND TIME OF LATEST TRANSACTION
control field 20241129110156.0
008 - FIXED-LENGTH DATA ELEMENTS--GENERAL INFORMATION
fixed length control field 241129s9999||||xx |||||||||||||| ||und||
037 ## - SOURCE OF ACQUISITION
Stock number TB
040 ## - CATALOGING SOURCE
Original cataloging agency ARTS
Language of cataloging pun
Transcribing agency ARTS
041 ## - LANGUAGE CODE
Language code of text/sound track or separate title pun
Source of code pun
084 ## - COLON CLASSIFICATION NUMBER
Classification number Q8441v 153R2
Assigning agency ARTS
100 ## - MAIN ENTRY--PERSONAL NAME
Personal name ਸਾਬਰ, ਜਸਬੀਰ ਸਿੰਘ, ਥਦ।
245 #0 - TITLE STATEMENT
Title ਰੂਹਾਨੀ ਰਹਿਤ
Statement of responsibility, etc. ਸਾਬਰ, ਜਸਬੀਰ ਸਿੰਘ, ਥਦ।
260 ## - PUBLICATION, DISTRIBUTION, ETC.
Place of publication, distribution, etc. ਅੰਮ੍ਰਿਤਸਰ, ਭਾਰਤ
Name of publisher, distributor, etc. ਅੰਮ੍ਰਿਤਸਰ ਸਬਦ ਲਾਦ
Date of publication, distribution, etc. 2023
300 ## - PHYSICAL DESCRIPTION
Extent 352ਪ੍ਰ0
365 ## - TRADE PRICE
Price type code INR
Price amount 600
650 ## - SUBJECT ADDED ENTRY--TOPICAL TERM
Topical term or geographic name entry element Sikkhism
9 (RLIN) 726471
942 ## - ADDED ENTRY ELEMENTS (KOHA)
Koha item type Textbook
Classification part Q8441v 153R2
Holdings
Withdrawn status Lost status Damaged status Not for loan Home library Current library Date acquired Source of acquisition Cost, normal purchase price Inventory number Total Checkouts Full call number Barcode Date last seen Price effective from Koha item type
        Arts Library Arts Library 2024-11-29 Star Publications (Pvt.) Ltd. 600.00 SP/6044 & 27/01/2024   Q8441v 153R2 AL1803640 2024-11-29 2024-11-29 Textbook
Copyright @ Delhi University Library System